000 01093 a2200241 4500
001 26
005 20260407155403.0
008 260407a2002 arg spa d
003 AR-UNSa-BCEJYS
040 _aAR-UNSa-BCEJYS
_bspa
_cAR-UNSa-BCEJYS
080 _a(038.2)=111
_xDiccionario bilingüe español-inglés, inglés-español
245 1 0 _aEl Diccionario de negocios Oxford
_nThe Oxford business spanish dictionary
_pspanish-english, english-spanish
020 _a978-0-19-860481-5
264 1 _aNew York :
_bOxford University Press
_c2002
300 _ax, 627 p.
_c20 cm.
520 _aEste diccionario ofrece al usuario una cobertura completa del vocabulario esencial de negocios, abarcando los campos de contabilidad, banca, economÐia, gestiÐon de recursos humanos, derecho, ventas y marketing, bolsa, impuestos seguros e informÐatica
041 _aspa
942 _cBK
590 _aniveau_biblio:m niveau_hierar:0
100 1 _aWatt, Donald
700 1 _aLópez, Sinda
856 4 1 _uhttps://biblioeco.unsa.edu.ar/pmb/images/libros/Business Spanish.jpg
_yImagen de portada
_qimage/jpeg
999 _c21
_d21